Materials handbook

Shranjeno v:
Bibliografske podrobnosti
Glavni avtor: George S. Brady
Format: Knjiga
Jezik:Undetermined
Izdano: New York McGraw-Hill 1997
Teme:
Oznake: Označite
Brez oznak, prvi označite!
Thư viện lưu trữ: Trung tâm Học liệu Trường Đại học Cần Thơ
LEADER 00549nam a2200205Ia 4500
001 CTU_52342
008 210402s9999 xx 000 0 und d
020 |b 808000 
082 |a 620.11 
082 |b B812 
100 |a George S. Brady 
245 0 |a Materials handbook 
245 0 |c George S Brady, Henry R. Clauser and John A. Vaccari 
260 |a New York 
260 |b McGraw-Hill 
260 |c 1997 
650 |a materials 
650 |x handbooks, manuals, etc. 
904 |i Minh 
980 |a Trung tâm Học liệu Trường Đại học Cần Thơ